| 000 | 00627nam a2200229Ia 4500 | ||
|---|---|---|---|
| 005 | 20241129105802.0 | ||
| 008 | 241129s9999||||xx |||||||||||||| ||und|| | ||
| 020 | _a978-1-032-33268-0 | ||
| 037 | _aTB | ||
| 040 |
_aARTS _beng _cARTS |
||
| 041 |
_aeng _2eng |
||
| 084 |
_aP35:g R2 _qARTS |
||
| 100 |
_aK. Suneetha Rani Au. _9589734 |
||
| 245 | 0 |
_aCritical discourse in telugu _cK. Suneetha Rani Au. |
|
| 260 |
_aUK _bRoutledge _c2022 |
||
| 300 | _ax,277p. | ||
| 365 |
_aINR _b995 |
||
| 490 | _aCritical disscourses in South Asia | ||
| 650 | _aLinguistics | ||
| 942 |
_cTB _hP35:g R2 |
||
| 999 |
_c1225926 _d1225926 |
||